Designing and managing human resource systems with special emphasis on human resource development (Record no. 477330)

000 -LEADER
fixed length control field 00516cam a22001577a 4500
008 - FIXED-LENGTH DATA ELEMENTS--GENERAL INFORMATION
fixed length control field 180718b1981 xxu||||| |||| 00| 0 eng d
082 ## - DEWEY DECIMAL CLASSIFICATION NUMBER
Classification number R1x54 P214
100 ## - MAIN ENTRY--PERSONAL NAME
Personal name Pareek, Udai
245 ## - TITLE STATEMENT
Title Designing and managing human resource systems with special emphasis on human resource development
Statement of responsibility, etc. by Udai Pareek and T. Venkateswara Rao
250 ## - EDITION STATEMENT
Edition statement 2nd ed.
260 ## - PUBLICATION, DISTRIBUTION, ETC.
Place of publication, distribution, etc. Delhi
Name of publisher, distributor, etc. Oxford and IBH
Date of publication, distribution, etc. 1981
300 ## - PHYSICAL DESCRIPTION
Extent 347p.
650 ## - SUBJECT ADDED ENTRY--TOPICAL TERM
Topical term or geographic name entry element Personnel management
650 ## - SUBJECT ADDED ENTRY--TOPICAL TERM
Topical term or geographic name entry element Manpower - India
700 ## - ADDED ENTRY--PERSONAL NAME
Personal name Rao, T. Venkateswara
Holdings
Withdrawn status Lost status Damaged status Not for loan Permanent Location Current Location Date acquired Full call number Barcode Date last seen Price effective from Koha item type
        Indian Institute of Public Administration Indian Institute of Public Administration 2018-08-04 R1x54 P214 GR11933 2018-08-04 2018-08-04 GR

Powered by Koha